000
00303nam a2200121Ia 4500
008
190902s9999||||xx |||||||||||||| ||und||
020
_a
007471330-2
100
_a
Rollin Glaser
245
0
_a
Classics Reading In Self Managing- Teamwork
260
_a
UK
_b
Prentice Hall
_c
1992
300
_a
494
942
_c
BK
999
_c
2949
_d
2949